000 00729nam a2200253 a 4500
008
020 _a0397547862 (pbk.)
049 _aMAIN
090 _aQP141 ESC
100 1 _aEschleman, Marian Maltese.
245 1 0 _aIntroductory nutrition and diet therapy /
_cMarian Maltese Eschleman.
250 _a2nd ed.
260 _aPhiladelphia :
_bLippincott,
_c1991.
300 _axxii, 664 p. :
_bill. :
_c24 cm.
500 _aIncludes index.
504 _aIncludes bibliographical references.
650 0 _aNutrition.
650 0 _aDiet therapy.
907 _a.b10058631
_b24-01-11
_c17-04-03
003
005 20230123133501.0
040 _cNUST
942 _cBOOKS
_kQP141 ESC
999 _c149389
_d149389